Statistics for Disney Characters beginning with B

Click here to take the quiz!

General Stats

  • This quiz has been taken 8 times
  • The average score is 6 of 80

Answer Stats

Answer% Correct
Beast
83%
Belle
83%
Baloo
67%
Bambi
50%
Bernard
50%
Bagheera
33%
Banzai
33%
Berlioz
33%
Bashful
17%
Bear
17%
Ben
17%
B.E.N
17%
Blue Fairy
17%
Bolt
17%
Br'er Bear
17%
Br'er Fox
17%
Br'er Rabbit
17%
Bruno the Dog
17%
Babette
0%
Babyface Beagle
0%
Baby Herman
0%
Baby Red Bird
0%
Backwoods Beagle
0%
Bacon Beagle
0%
Baggy Beagle
0%
Baileywick
0%
Baker
0%
Ballerina
0%
Bambi's Mother
0%
Bankjob Beagle
0%
Bartholomew
0%
Basil of Baker Street
0%
Baylene
0%
Beary Barrington
0%
Beaver
0%
Bella
0%
Ben Ali Gator
0%
Benjamin Clawhauser
0%
Benny the Cab
0%
Bentina Beakley
0%
Bent-tail Junior
0%
Bent-tail the Coyote
0%
Beret Girl
0%
Big Al
0%
Big Bad Wolf
0%
Big Mama
0%
Bigtime Beagle
0%
Bill the Lizard
0%
Billy Bones
0%
Billy Boss
0%
Bimbettes
0%
Binkie Muddlefoot
0%
Binky Beagle
0%
Black Bart
0%
Blake
0%
Blaze
0%
Bobble
0%
Bomber Beagle
0%
Bonkers D Bobcat
0%
Bonnie Hopps
0%
Bookseller
0%
Boomer
0%
Boss Beaver
0%
Bouncer Beagle
0%
Bowler Hat Guy
0%
Bradley Uppercrust III
0%
Bruton
0%
Brutus and Nero
0%
Buck
0%
Buck Cluck
0%
Bucky Bug
0%
Bucky Oryx-Antlerson
0%
Bucky the Squirrel
0%
Buford the Cook
0%
Bugle Beagle
0%
Burger Beagle
0%
Buster
0%
Butch the Bulldog
0%
Buzzie the Vulture
0%
The Baker
0%

Score Distribution

Percentile by Number Answered

Percent of People with Each Score

Your Score History

You have not taken this quiz